|
|
|
|
| LEADER |
01205nam a2200337 a 4500 |
| 001 |
38652 |
| 003 |
BD-DhAAL |
| 008 |
220609t2004 ii 001 0 eng d |
| 999 |
|
|
|c 44358
|d 44358
|
| 010 |
|
|
|a 2004309676
|
| 020 |
|
|
|a 8129105241
|
| 025 |
|
|
|a I-E-2004-309676; 63-91
|
| 035 |
|
|
|a (DLC) 2004309676
|
| 037 |
|
|
|b Library of Congress -- New Delhi Overseas Office
|c Rs395.00
|
| 040 |
|
|
|a DLC
|c DLC
|d BD-DhAAL
|
| 042 |
|
|
|a lcode
|
| 043 |
|
|
|a a-ii---
|
| 050 |
0 |
0 |
|a JQ231
|b .S535 2004
|
| 082 |
|
|
|a 351.0954
|2 23
|
| 100 |
1 |
|
|a Shourie, Arun.
|9 49159
|
| 245 |
1 |
0 |
|a Governance and the sclerosis that has set in /
|c Arun Shourie.
|
| 260 |
|
|
|a New Delhi :
|b ASA Publications :
|b Rupa & Co.,
|c 2004.
|
| 300 |
|
|
|a 262 pages ;
|c 24 cm.
|
| 500 |
|
|
|a Includes index.
|
| 520 |
|
|
|a With reference to India.
|
| 541 |
|
|
|a Donated By Akbar Ali Khan
|e 38652
|
| 650 |
|
0 |
|a Public administration
|z India.
|9 49160
|
| 650 |
|
0 |
|a Bureaucracy
|z India.
|9 49161
|
| 852 |
|
|
|a Ayesha Abed Library
|c Akbar Ali Khan Collection
|
| 942 |
|
|
|2 ddc
|c BK
|
| 952 |
|
|
|0 0
|1 0
|2 ddc
|4 0
|6 351_095400000000000_SHO
|7 1
|9 70859
|a BRACUL
|b BRACUL
|c AAKC
|d 2022-06-09
|e Donated by Akbar Ali Khan
|l 0
|o 351.0954 SHO
|p 3010038652
|r 2022-06-09
|t 1
|w 2022-06-09
|y BK
|